| 000 | 01231nam a2200361 a 4500 | ||
|---|---|---|---|
| 999 |
_c5430 _d5430 |
||
| 001 | 014533805 | ||
| 003 | Uk | ||
| 005 | 20250918091324.0 | ||
| 008 | 080227s2000 enka j 000 1 eng | ||
| 015 |
_aGBA874459 _2bnb |
||
| 020 | _a9780194234238 (pbk.) | ||
| 040 |
_aUk _beng _cUk _dKH8 |
||
| 042 | _aukblsr | ||
| 082 | 0 | 4 |
_a428.6 DEA _222 |
| 100 | 1 |
_aDean, Michael, _d1949- _eauthor. |
|
| 245 | 1 | 0 |
_aNew York café / _cMichael Dean ; illustrated by Peter Richardson. |
| 260 |
_aOxford : _bOxford University Press, _c2000 _g(2008 printing) |
||
| 300 |
_a40 p. : _bcol. ill. ; _c20 cm. |
||
| 336 |
_atext _2rdacontent |
||
| 337 |
_aunmediated _2rdamedia |
||
| 338 |
_avolume _2rdacarrier |
||
| 490 | 1 | _aOxford Bookworms library. Starter | |
| 490 | 1 | _aOxford bookworms library. Fantasy & horror | |
| 650 | 0 |
_aComputer crimes _vFiction. |
|
| 650 | 0 |
_aEnglish language _vTextbooks for foreign speakers. |
|
| 650 | 0 | _aReaders (Adult) | |
| 650 | 0 |
_aReading comprehension _vProblems, exercises, etc. |
|
| 651 | 0 |
_aNew York _vFiction. |
|
| 700 | 1 |
_aRichardson, Peter, _d1951 December 15- _eillustrator. |
|
| 830 | 0 |
_aOxford Bookworms library. _pStarter |
|
| 830 | 0 |
_aOxford bookworms library. _pFantasy & horror |
|
| 942 |
_2ddc _cTR |
||